Регионална библиотека "Любен Каравелов" - Русе

Ръководство за обучение по управление и планиране на фермата (Запис номер 76337)

MARC детайли
000 -Лидер
Контролно поле с фиксирана дължина 01877nam a2200421 c 4500
003 - Код на организацията, давaща контролен номер
Контролно поле BLK
005 - Дата и час на последна редакция
Контролно поле 20240117114426.0
008 - Елементи от данни с фиксирана дължина
fixed length control field 180408b bul|||||r ||||||| ||bul||
010 ## - Наследен системен номер
LC control number KNG00080768000
020 ## - Международен стандартен номер на книга ISBN
Международен стандартен номер на книга ISBN 978-954-9485-33-2
-- издат.: България
040 ## - Източник на каталожния запис
Идентификатор на билиотеката - собственик на записа BLK
041 ## - Код за език
Код за езика на текст/звукозапис или на отделно заглавие Български
Код за езика КДБФ Български
080 ## - УДК
Текстов определител УДК Организация и управление на селскостопанското производство. Земеделие. Градинарство
УДК код - определител по УДК 631/635
УДК определител .003(497.2)(035)
УДК - код + определител 631/635.003(497.2)(035)
080 ## - УДК
Текстов определител УДК Домашни животни
УДК код - определител по УДК 636.1/.9
УДК определител .003(497.2)(035)
УДК - код + определител 636.1/.9.003(497.2)(035)
139 ## - Редно поле
Редна дума Ръководство за обучение по управление и планиране на фермата
Авторски знак Ръ - Р 97
245 10 - Сведения за заглавието
Заглавие Ръководство за обучение по управление и планиране на фермата
257 ## - Страна на издаване
Страна на създаване/издаване България
260 ## - Област на издателските данни
-- София
Име на издателя, разпространителя и проч. България
Година на издаване 2007
300 ## - Физическа характеристика
Страници 318 с. раздр. паг.
Илюстрации и др. с табл., сх.
Размери/Мащаб 20 см
380 ## - Жанр
Жанр Селско стопанство
500 ## - Общи забележки
Забележка Изд. на Служба по управление, маркетинг и финанси на ФАО(СУМФ).
590 ## - Забележки на библиотеката, притежаваща документа (RLIN)
Служебно ф
650 #4 - Допълнително описание по предмет – тема
Основно описание – тема или топоним Ферми - България - организация и управление
9 (RLIN) 244685
650 #4 - Допълнително описание по предмет – тема
Основно описание – тема или топоним Селско стопанство - България - икономика и организация
9 (RLIN) 254595
653 ## - Ключова дума – ненормативна
Ключова дума селско стопанство
653 ## - Ключова дума – ненормативна
Ключова дума ферми
653 ## - Ключова дума – ненормативна
Ключова дума организация
653 ## - Ключова дума – ненормативна
Ключова дума управление
653 ## - Ключова дума – ненормативна
Ключова дума планиране
653 ## - Ключова дума – ненормативна
Ключова дума наръчници
653 ## - Ключова дума – ненормативна
Ключова дума ръководства
852 ## - Местоположение
Форматна сигнатура Цб 237939
856 4# - Електронен адрес и достъп
Електронен формат pdf - файл
Път до файла /url/
856 4# - Електронен адрес и достъп
Електронен формат pdf - файл
Път до файла /url/
942 ## - АРТИКУЛИ
Вид на библиотечния материал Книги
Скрит в OPAC Не
Koha issues (borrowed), all copies 2
944 ## - СЪЗДАВАНЕ И РЕДАКЦИЯ на ЗАПИСА
Създаване/Редакция Създаване
Дата на регистрацията/редакция 24.01.2008
Служител, извършил регистрацията/редакцията 30576
Статус, дата на статуса Цветомила Тодорова
944 ## - СЪЗДАВАНЕ И РЕДАКЦИЯ на ЗАПИСА
Създаване/Редакция Редакция
Дата на регистрацията/редакция 01.02.2013
Служител, извършил регистрацията/редакцията
999 ## - СИСТЕМНИ КОНТРОЛНИ НОМЕРА
Koha biblionumber 76337
Koha biblioitemnumber 76337
Наличности
Код за отписване Код за изгубен артикул Код за повреда Коз за рестрикции Код за отдаване Артикулен № Име на библиотеката - собственик Име на библиотеката, в която се намира в момента Статус (Текущо местоположение) Дата на вписване в системата Местоположение - отдел Цена в лева Инвентарен номер Систематично азбучна сигнатура Баркод Номер на екземпляра Цена в евро Служебна бележка Служебен тип на артикула
  Не е изгубен Не е повреден без рестрикции ползва се в читалня 124002 Регионална библиотека "Любен Каравелов" Русе Регионална библиотека "Любен Каравелов" Русе Читалня 2008-01-24 Читалня 7.90 120000722504 Ч 631/635/Р 97 120000722504 1 4.04 Дост: Pk Вид: Ф N: 14273 Дата: 22.01.2008 Дата инв: 20.03.2017 Бележки инв: Ч2017 Книги
  Не е изгубен Не е повреден без рестрикции заемане за дома 124003 Регионална библиотека "Любен Каравелов" Русе Регионална библиотека "Любен Каравелов" Русе Заемна - подръчен фонд 2008-09-30 Заемна - подръчен фонд 7.85 120000730043 П 631/635/Р 97 120000730043 2 4.01 Дост: Pk Вид: Ф N: 8938 Дата: 24.09.2008 Дата инв: 06.02.2018 Бележки инв: П2018 Книги
Vip Innovations Ltd, Rousse, Bulgaria 2025